1188 1304 1109 1828 1496 1624 1854 1442 1560 1096 1753 1115 1464 1389 1179 1248 1011 1183 1515 1758 1921 1322 1419 1359 1708 1074 1326 1754 1901 1035 1212 1448 1835 1345 1643 1360 1486 1338 1445 1883 1152 1613 1146 1269 1510 1128 1588 1946 1208 1773 1394 1415 1815 1784 1450 1413 1624 1081 1393 1818 1655 1625 1522 1665 1862 1581 1571 1134 1749 1646 1586 1801 1086 1980 1231 1383 1743 1128 1579 1996 1231 1695 1572 1188 1748 1518 1894 1543 1199 1459 1319 1317 1850 1327 1238 1869 1899 1272 1393 BCNSPRNW ULIB Ver.6.0+V

เปลี่ยนเป็นภาษาไทย

Change to English
 แสดงรายละเอียดบรรณานุกรม
  กลับหน้าหลัก

Brief Record : Get Marc (ISO 2709) : E-mail record : QR code < ปิดหน้าต่าง
LEADER : 00000nam 2200000uu 4500
001    13399121256
003     ULIB
008    121113s2555||||th 000 0 tha d
020    ^aa 9789747528435
050 04 H62^bบ418ก
100 0  ^aบุญใจ ศรีสถิตย์นรากูร
245 1  ^aการพัฒนาและตรวจสอบคุณภาพเครื่องมือวิจัย = ^bDevelopment and validation of research instruments : paychometric properties /^cบุญใจ ศรีสถิตย์นรากูร
246 3  ^aDevelopment and validation of research instruments : paychometric properties
260    ^aกรุงเทพฯ : ^bจุฬาลงกรณ์มหาวิทยาลัย, ^c2555
300    ^a463 หน้า ; ^c26 ซม.
650  7 ^aเครื่องมือวิจัย
650  7 ^aวิจัย ^xเครื่องมือ
945    ^p370^l0^i033030
945    ^p370^l0^i033031
995    ทศพร
999    ^aทศพร
รายการนี้ยังไม่มีแท็ก
คุณยังไม่ได้ล็อกอิน คุณสามารถมีกิจกรรมร่วมกับเว็บไซต์ได้ แต่ต้องล็อกอินก่อน ::
  ล็อกอิน

รายการสื่อสารสนเทศ

ลำดับที่ ประเภท เลขเรียก/บาร์โค้ด สถานที่ สถานะ
1. วิทยาศาสตร์การแพทย์ และสุขภาพ
หนังสือสำรอง
สถานะ=หนังสือสำรอง
H62 บ418ก ฉ.1 
  Barcode: 033030
ห้องสมุดวิทยาเขตสวรรค์ประชารักษ์
►หนังสือทั่วไป
บนชั้น
2. วิทยาศาสตร์การแพทย์ และสุขภาพ
วิทยาศาสตร์การแพทย์ และสุขภาพ
H62 บ418ก ฉ.2 
  Barcode: 033031
ห้องสมุดวิทยาเขตสวรรค์ประชารักษ์
►หนังสือทั่วไป
บนชั้น

รายการใกล้เคียง
    ผู้แต่ง [บุญใจ ศรีสถิตย์นรากูร]

    หัวเรื่อง [เครื่องมือวิจัย]

BibComment


ยังไม่เคยถูกคอมเมนท์

คอมเมนท์ทรัพยากรรายการนี้
  คอมเมนท์: การพัฒนาและตรวจส..


 Copyright 2026. Bcnsprnw @Library